Direito constitucional previdencir̀io

Detalles Bibliográficos
Formato: eBook
Lenguaje:portugués
Publicado: Rio de Janeiro: Editora Processo, 2022
Materias:
Acceso en línea:Acceso restringido

MARC

LEADER 00000nam a22000007a 4500
005 20220720012017.0
007 cr|||| ||||
008 220720s2022 br |||||s|||| 00||0 por d
020 |a 978658935186-3 
035 |a 36753 
040 |a vLex 
090 |c 13617  |d 13617 
245 0 0 |a  Direito constitucional previdencir̀io  |h [Recurso electrn̤ico] / 
256 |a Servicio en ln̕ea 
260 |a Rio de Janeiro:  |b Editora Processo,  |c 2022 
300 |a 1 recurso electrn̤ico 
500 |a Este livro foi desenvolvido a partir de um estudo anterior sobre o Constitucionalismo e o Estado Brasileiro, em desenvolvimento pelo Silogeo, a mais antiga casa de estudos jurd̕icos no Brasil, onde conviveram desde 1843 juristas notv̀eis como Francisco Montezuma (1794-1870), Teixeira de Freitas (1816-1883), Jose Nabuco de Araj︢o (1813-1878), Ruy Barbosa (1849-1923) e H. F. Sobral Pinto (1893-1991). Todos eles se envolveram no projeto de criaȯ̂ da Ordem dos Advogados do Brasil, que ocorreu apenas em 1930, pela aȯ̂ coordenada de Getl︢io Vargas (1882-1954) e Levi Carneiro (1882-1971). Todavia, tantos foram os advogados brasileiros que reconheceram na gn̊ese memorial da advocacia brasileira a casa Silogeo, base do Estado de Direito. Recentemente, evolur̕am como expressô dos 150 anos da histr̤ia da cultura jurd̕ica brasileira professores e pensadores que se destacaram na vida jurd̕ica e social. No especial papel da OAB em nossos tempos, se distinguiram o heri̤ da resistn̊cia e preservaȯ̂ da liberdade, Eduardo Seabra (1936-2019) e o Relator Geral da Constituinte, do Estado Democrt̀ico de Direito (1988), Bernardo Cabral (1932). Estamos divulgando esta obra, Direito Constitucional Previdencir̀io, como um primeiro esforȯ da Casa Silogeo de Estudos Jurd̕icos e Polt̕icos, tendo como imagem de fundo, na contracapa, a sua histr̤ica e simbl̤ica estrutura arquitetn̥ica fotograficamente remanescente. Em princp̕io, o livro ̌uma disciplina nova, mas que ocupa um longo espaȯ legislativo na Constituiȯ̂ brasileira de 1988, at ̌os nossos dias, considerando tambm̌ o amplo volume de emendas, que pela diversidade do tema, e a sua abrangn̊cia interdisciplinar, representam simbolicamente a ediȯ̂ desta pesquisa como perspectiva das aberturas jurd̕icas do Brasil futuro. 
506 1 |a Disponible solo en los productos indicados  |d vLex Global  |d vLex Global (Academic Edition, excluding Law Schools)  |d vLex Global (U.S. Academic Edition, Law Schools)  |d vLex Global (U.S. Academic Edition, excluding Law Schools)  |d vLex Global (Academic Edition, Law Schools) 
650 0 4 |a Derecho Constitucional  |z Brasil 
740 0 |a vLex Libros (Servicio en ln̕ea) 
856 4 0 |u https://app.vlex.com/#/sources/36753  |z Acceso restringido 
942 |c BOOK 
999 0 |a Constitutional right